| 000 | 00531cam a2200229ua 4500 | ||
|---|---|---|---|
| 020 | _c9.60 | ||
| 041 |
_aeng _h |
||
| 082 |
_a516.06 _bMIT/CO |
||
| 100 | _aMittal, S c . | ||
| 245 |
_aCo-ordinate geometry / _cS.C.Mittal. _hTextual Documents |
||
| 250 |
_a2 / _b. |
||
| 260 |
_aMeerut : _bPragati Prakashan , _c1982. |
||
| 300 | _a152 ; . | ||
| 365 | _a9.60 | ||
| 504 | _a | ||
| 942 | _cBK | ||
| 999 |
_c3008 _d3008 |
||